000 00313nam a2200121Ia 4500
008 190216s9999||||xx |||||||||||||| ||und||
100 _aRobert W Hutchinson
245 0 _aAdvanced Text Book Of Electricity And Magnetism
260 _bScientific Book Co
_c1950
300 _a511p
650 _aPhysics
942 _cBK
999 _c32735
_d32735